Powiaty w województwie zachodniopomorskim - Statystyki

Ogólne statystyki
  • Ten quiz został rozwiązany 22 razy
    15 od ostatniego zresetowania
  • Średni wynik to 17 z 21
Statystyki odpowiedzi
Powiat % Poprawnych
Koszalin
100%
Szczecin
100%
koszaliński
93%
stargardzki
93%
białogardzki
86%
drawski
86%
goleniowski
86%
gryficki
86%
gryfiński
86%
kołobrzeski
86%
Świnoujście
86%
kamieński
79%
łobeski
79%
myśliborski
79%
policki
79%
pyrzycki
79%
szczecinecki
79%
wałecki
79%
świdwiński
71%
choszczeński
64%
sławieński
64%
Nie znaleziono quizów pasujących do podanych kryteriów
Rozkład punktacji
Procent ludzi z każdym wynikiem
Percentyl według liczby udzielonych odpowiedzi
Twoja historia wyników
Nie rozwiązałeś tego quizu od ostatniego zresetowania